Profitable Agroforestry Innovations for Eastern Africa (Record no. 17724)

MARC details
000 -LEADER
fixed length control field 00450nam a22001337a 4500
008 - FIXED-LENGTH DATA ELEMENTS--GENERAL INFORMATION
fixed length control field 190607b xxu||||| |||| 00| 0 eng d
020 ## - INTERNATIONAL STANDARD BOOK NUMBER
International Standard Book Number 9290592133
050 ## - LIBRARY OF CONGRESS CALL NUMBER
Classification number S494.5
Item number .A45P77 2007 c.1
245 ## - TITLE STATEMENT
Title Profitable Agroforestry Innovations for Eastern Africa
Remainder of title Experience from 10 Agroclimatic Zones of Ethiopia, India, Kenya, tanzania and Uganda
260 ## - PUBLICATION, DISTRIBUTION, ETC. (IMPRINT)
Place of publication, distribution, etc. Nairobi
Name of publisher, distributor, etc. RELMA
Date of publication, distribution, etc. 2007
300 ## - PHYSICAL DESCRIPTION
Extent ix, 374p.
650 ## - SUBJECT ADDED ENTRY--TOPICAL TERM
Topical term or geographic name as entry element Agroforestry
942 ## - ADDED ENTRY ELEMENTS (KOHA)
Source of classification or shelving scheme Library of Congress Classification
Koha item type General Collection
Holdings
Withdrawn status Lost status Source of classification or shelving scheme Not for loan Home library Current library Date acquired Total Checkouts Full call number Barcode Date last seen Price effective from Koha item type
    Library of Congress Classification   Kabarak, Main Campus Kabarak, Main Campus 07/06/2019   S494.5 .A45P77 2007 c.1 023109 07/06/2019 07/06/2019 General Collection
    Library of Congress Classification   Kabarak, Main Campus Kabarak, Main Campus 07/06/2019   S494.5 .A45P77 2007 c.2 023110 07/06/2019 07/06/2019 General Collection
    Library of Congress Classification   Kabarak, Main Campus Kabarak, Main Campus 07/06/2019   S494.5 .A45P77 2007 c.3 023111 07/06/2019 07/06/2019 General Collection
    Library of Congress Classification   Kabarak, Main Campus Kabarak, Main Campus 07/06/2019   S494.5 .A45P77 2007 c.4 023112 07/06/2019 07/06/2019 General Collection
    Library of Congress Classification   Kabarak, Main Campus Kabarak, Main Campus 07/06/2019   S494.5 .A45P77 2007 c.5 023113 07/06/2019 07/06/2019 General Collection
    Library of Congress Classification   Kabarak, Main Campus Kabarak, Main Campus 07/06/2019   S494.5 .A45P77 2007 c.6 023072 07/06/2019 07/06/2019 General Collection
    Library of Congress Classification   Kabarak, Main Campus Kabarak, Main Campus 07/06/2019   S494.5 .A45P77 2007 c.7 023071 07/06/2019 07/06/2019 General Collection
Designed with assistance from East African Informatics Ltd